|
|
|
|
| LEADER |
00000nam a2200000 a 4500 |
| 001 |
vtls001462649 |
| 003 |
SK-MaSNL |
| 005 |
20260416165439.0 |
| 008 |
240314s1957 xx 0 und |
| 035 |
|
|
|a SNK000417955
|
| 040 |
|
|
|a SNK
|b slo
|c SNK
|e AACR2
|
| 100 |
1 |
|
|a Mazancová, Ladislava,
|d 1923-2004
|4 aut
|9 198745
|
| 245 |
1 |
0 |
|a Veřejné stravování
|
| 250 |
|
|
|a 1. vyd.
|
| 260 |
|
|
|a Praha
|b Státní pedagogické nakladatelství
|c 1957
|
| 300 |
|
|
|a 255 s.
|
| 999 |
|
|
|c 1073521
|d 1075451
|
| 952 |
|
|
|t P60, <04>, [BOOK], {604}
|a SNK
|b SNK
|y VYP
|7 0
|p 17A0402128
|o snkIB 6666 D1
|i snkKIP 4296/57
|0 0
|1 1
|4 0
|d 2003-11-04
|l 0
|r 2005-01-02 00:00:00
|w 2026-02-24
|